LEADER 01177nam a2200253 i 4500 001 000000164706 003 CaOOAMICUS 005 20240521152333.0 008 070924s1970 it u000 u ita u 040 $aSeMil$bita 100 1 $aPulega, Andrea.$0(OLS)http://semarc/name/62223 245 00$aLudi e spettacoli nel Medioevo :$bi tornei di dame /$cAndrea Pulega. 260 $aMilano :$bCisalpino-Goliardica,$cstampa 1970. 300 $aLXXXIII, 159 p. ;$c21 cm. 490 1 $aCattedra di filologia romanza dell'Università degli studi di Milano 650 4$aLetteratura - Medioevo - Saggi.$0(OLS)http://semarc/subject/31288 650 4$aMedioevo - Tornei.$0(OLS)http://semarc/subject/54444 830 0$aCattedra di filologia romanza dell'Università degli studi di Milano.$0(OLS)http://semarc/title/24283 850 $aSeMil 852 $aSeMil$W1$xVenegono$y1$m1R III 40$j248417$B115934$CSeMilBibl$Z2$F126761 $81 961 $aRecupero: Altro 996 $6245$aLudi e spettacoli nel Medioevo :$bi tornei di dame$9(OLS)http://semarc/title/235026 996 $6260$aMilano :$bCisalpino-Goliardica$9(OLS)http://semarc/publisher/32009 LEADER 01678nam a2200277 4500 001 000000340495 003 CaOOAMICUS 005 20200608120935.0 008 200608s1728 it 000 u ita r 026 $aona. O-no l-ma meXI (3) 1730 (Q) 040 $aSeMil$bita 110 21$aConfraternita del SS. Rosario.$0(OLS)http://semarc/name/94432 245 00$aRaccolta fedele delle indulgenze concedute sin ora da sommi pontefici alla Compagnia del SS. Rosario confermate, ed ampliate dalla fel. mem. d'Innocenzi 11. nella sua bolla Nuper pro parte, ... Riconosciuta nell'Arcivescovado di Milano a 8. Agosto 1728. Nuovamente data alla luce a dì 6. Luglio 1730 ... . 264 1$aIn Milano :$bPer Michel'Antonio Panza,$c[1730] 300 $a40 p. ;$c8° 500 $aData di pubblicazione presunta nel titolo 500 $aSegn.: A8 B12 650 4$aCongregazioni e confraternite religiose - Milano - Sec. 16.-18.$0(OLS)http://semarc/subject/49109 710 0 $aPanza, Michele Antonio$c.$0(OLS)http://semarc/name/111464 752 $aIT$dMilano 850 $aSeMil 852 $aSeMil$W1$xVenegono$y1$m3Z V 10/19 FA$j219446$B231588$CSeMilBibl$Z2$F231588 $8I 941 1 $a10 996 $6245$aRaccolta fedele delle indulgenze concedute sin ora da sommi pontefici alla Compagnia del SS. Rosario confermate, ed ampliate dalla fel. mem. d'Innocenzi 11. nella sua bolla Nuper pro parte, ... Riconosciuta nell'Arcivescovado di Milano a 8. Agosto 1728. Nuovamente data alla luce a dì 6. Luglio 1730 ... $9(OLS)http://semarc/title/429529 996 $6264$aIn Milano :$bPer Michel'Antonio Panza$9(OLS)http://semarc/publisher/59005